Company and community: case studies in industry-city relationships

Gardado en:
Detalles Bibliográficos
Autor Principal: Wayne Hodges
Formato: Libro
Idioma:Undetermined
Publicado: New York Harper & Brothers 1958
Những chủ đề:
Các nhãn: Engadir etiqueta
Sen Etiquetas, Sexa o primeiro en etiquetar este rexistro!
Thư viện lưu trữ: Trung tâm Học liệu Trường Đại học Cần Thơ
LEADER 00511nam a2200181Ia 4500
001 CTU_84666
008 210402s9999 xx 000 0 und d
082 |a 659.11 
082 |b H688 
100 |a Wayne Hodges 
245 0 |a Company and community: case studies in industry-city relationships 
245 0 |c Wayne Hodges 
260 |a New York 
260 |b Harper & Brothers 
260 |c 1958 
650 |a public relations 
650 |x case studies 
980 |a Trung tâm Học liệu Trường Đại học Cần Thơ